[Event "Turniej Blitza na II Lidze Juniorów 2018"]
[Site "Szczyrk, Poland"]
[Date "2018.07.26"]
[Round "1.66"]
[White "Matyszkiewicz, Wiktor"]
[Black "Pieczewska, Jadwiga"]
[Result "1-0"]
[TimeControl "3'+2\""]
[WhiteElo "1431"]
[BlackElo "1035"]

1. e4 {[%clk 00:03:02]} e6 {[%clk 00:03:04]} 2. d4 {[%clk 00:03:03]} {[%emt
00:00:03]} d5 {[%clk 00:03:04]} {[%emt 00:00:01]} 3. Nc3 {[%emt 00:00:02]} dxe4
{[%clk 00:03:04]} {[%emt 00:00:01]} 4. Nxe4 {[%clk 00:03:05]} {[%emt 00:00:02]}
Nf6 {[%clk 00:03:04]} {[%emt 00:00:02]} 5. Bg5 {[%clk 00:03:05]} {[%emt
00:00:01]} Be7 {[%clk 00:03:05]} {[%emt 00:00:01]} 6. Bxf6 {[%clk 00:03:05]}
{[%emt 00:00:02]} Bxf6 7. Nxf6+ {[%clk 00:03:06]} Qxf6 {[%clk 00:03:07]} 8. Nf3
{[%clk 00:03:06]} {[%emt 00:00:02]} O-O {[%clk 00:03:07]} {[%emt 00:00:02]} 9.
Bd3 {[%clk 00:03:05]} {[%emt 00:00:02]} Nc6 {[%clk 00:03:06]} {[%emt 00:00:03]}
10. O-O {[%clk 00:03:03]} {[%emt 00:00:04]} Nxd4 {[%clk 00:03:06]} {[%emt
00:00:02]} 11. Nxd4 {[%clk 00:03:03]} {[%emt 00:00:02]} Qd8 {[%clk 00:02:56]}
{[%emt 00:00:11]} 12. Nb3 {[%clk 00:02:55]} {[%emt 00:00:11]} Re8 {[%clk
00:02:55]} {[%emt 00:00:03]} 13. Bb5 {[%clk 00:02:51]} {[%emt 00:00:05]} c6
{[%clk 00:02:47]} {[%emt 00:00:12]} 14. Qxd8 {[%clk 00:02:50]} {[%emt
00:00:02]} Rxd8 {[%clk 00:02:49]} {[%emt 00:00:01]} 15. Be2 {[%clk 00:02:50]}
b5 {[%clk 00:02:42]} {[%emt 00:00:11]} 16. Bf3 {[%clk 00:02:50]} {[%emt
00:00:02]} Bb7 {[%clk 00:02:42]} 17. Rad1 {[%clk 00:02:50]} {[%emt 00:00:02]}
g6 {[%clk 00:02:41]} {[%emt 00:00:04]} 18. Na5 {[%clk 00:02:49]} {[%emt
00:00:03]} Ba6 {[%clk 00:02:36]} {[%emt 00:00:07]} 19. Bxc6 {[%clk 00:02:48]}
{[%emt 00:00:03]} b4 {[%clk 00:02:37]} {[%emt 00:00:02]} 20. Bxa8 {[%clk
00:02:47]} {[%emt 00:00:02]} Bxf1 {[%clk 00:02:35]} {[%emt 00:00:03]} 21. Rxd8+
{[%clk 00:02:46]} {[%emt 00:00:03]} Kg7 {[%clk 00:02:36]} {[%emt 00:00:02]} 22.
Kxf1 {[%clk 00:02:46]} {[%emt 00:00:02]} a6 {[%clk 00:02:32]} {[%emt 00:00:06]}
23. Ke2 {[%clk 00:02:47]} {[%emt 00:00:01]} Kh6 {[%clk 00:02:30]} {[%emt
00:00:04]} 24. Kd3 {[%clk 00:02:45]} {[%emt 00:00:04]} Kg7 {[%clk 00:02:30]}
{[%emt 00:00:01]} 25. Kc4 {[%clk 00:02:46]} {[%emt 00:00:02]} b3 {[%clk
00:02:30]} {[%emt 00:00:01]} 26. Nxb3 {[%clk 00:02:46]} {[%emt 00:00:03]} a5
{[%clk 00:02:30]} {[%emt 00:00:02]} 27. Nxa5 {[%clk 00:02:46]} {[%emt
00:00:02]} Kh6 {[%clk 00:02:30]} {[%emt 00:00:02]} 28. Nc6 {[%clk 00:02:45]}
{[%emt 00:00:02]} Kg7 {[%clk 00:02:31]} {[%emt 00:00:01]} 29. a4 {[%clk
00:02:46]} {[%emt 00:00:02]} Kf6 {[%clk 00:02:32]} {[%emt 00:00:01]} 30. a5
{[%clk 00:02:45]} {[%emt 00:00:03]} Kg7 {[%clk 00:02:32]} {[%emt 00:00:02]} 31.
a6 {[%clk 00:02:46]} {[%emt 00:00:01]} Kh6 {[%clk 00:02:33]} 32. Bb7 {[%clk
00:02:46]} {[%emt 00:00:01]} Kg7 {[%clk 00:02:34]} {[%emt 00:00:01]} 33. a7
{[%clk 00:02:47]} Kf6 {[%clk 00:02:35]} {[%emt 00:00:02]} 34. a8=Q {[%clk
00:02:46]} {[%emt 00:00:02]} 1-0

[Event "Turniej Blitza na II Lidze Juniorów 2018"]
[Site "Szczyrk, Poland"]
[Date "2018.07.26"]
[Round "1.11"]
[White "Wojtasik, Szymon"]
[Black "Niedbala, Bartlomiej"]
[Result "0-1"]
[TimeControl "3'+2\""]
[WhiteElo "1323"]
[BlackElo "1961"]

1. e4 {[%clk 00:03:03]} {[%emt 00:02:50]} g6 {[%clk 00:03:03]} {[%emt
00:00:02]} 2. d4 {[%clk 00:03:04]} Bg7 {[%clk 00:03:04]} 3. Nc3 {[%clk
00:03:05]} {[%emt 00:00:03]} d6 {[%clk 00:03:06]} {[%emt 00:00:01]} 4. f4
{[%clk 00:03:05]} {[%emt 00:00:01]} Nf6 {[%clk 00:03:06]} {[%emt 00:00:02]} 5.
Bd3 {[%clk 00:03:05]} {[%emt 00:00:02]} c5 {[%clk 00:03:02]} {[%emt 00:00:05]}
6. e5 {[%clk 00:02:49]} {[%emt 00:00:18]} Nfd7 {[%clk 00:02:48]} {[%emt
00:00:16]} 7. exd6 {[%clk 00:02:15]} {[%emt 00:00:36]} exd6 {[%clk 00:02:49]}
{[%emt 00:00:01]} 8. Qe2+ {[%clk 00:02:08]} {[%emt 00:00:08]} Qe7 {[%clk
00:02:23]} {[%emt 00:00:29]} 9. Nb5 {[%clk 00:02:08]} {[%emt 00:00:03]} Qxe2+
{[%clk 00:02:00]} {[%emt 00:00:24]} 10. Nxe2 {[%clk 00:02:09]} {[%emt
00:00:02]} Na6 {[%clk 00:01:39]} {[%emt 00:00:23]} 11. Nxd6+ {[%clk 00:02:04]}
{[%emt 00:00:06]} Ke7 {[%clk 00:01:41]} 12. Nxc8+ {[%clk 00:01:51]} {[%emt
00:00:16]} Raxc8 {[%clk 00:01:42]} 13. Bxa6 bxa6 {[%clk 00:01:44]} 14. c3
{[%clk 00:01:45]} {[%emt 00:00:02]} cxd4 {[%clk 00:01:44]} {[%emt 00:00:02]} 15.
Nxd4 {[%clk 00:01:42]} {[%emt 00:00:05]} Bxd4 {[%clk 00:01:45]} {[%emt
00:00:01]} 16. cxd4 {[%emt 00:00:01]} Nb6 17. O-O {[%clk 00:01:28]} {[%emt
00:00:16]} f5 {[%clk 00:01:48]} 18. b3 {[%clk 00:01:21]} {[%emt 00:00:09]} Kd7
{[%clk 00:01:46]} {[%emt 00:00:05]} 19. Bd2 {[%clk 00:01:22]} {[%emt 00:00:01]}
Rc2 {[%clk 00:01:45]} {[%emt 00:00:03]} 20. Rf2 {[%clk 00:01:05]} {[%emt
00:00:18]} Nd5 {[%clk 00:01:33]} {[%emt 00:00:14]} 21. Bc1 {[%clk 00:00:45]}
{[%emt 00:00:22]} Rhc8 {[%clk 00:01:32]} {[%emt 00:00:03]} 22. Bd2 {[%clk
00:00:39]} {[%emt 00:00:09]} Rb2 {[%clk 00:01:20]} {[%emt 00:00:13]} 23. Rc1
{[%clk 00:00:34]} {[%emt 00:00:07]} Rxa2 {[%clk 00:01:21]} {[%emt 00:00:01]} 24.
Rxc8 {[%clk 00:00:30]} {[%emt 00:00:06]} Kxc8 {[%clk 00:01:22]} {[%emt
00:00:01]} 25. g3 {[%clk 00:00:25]} {[%emt 00:00:07]} Kd7 {[%clk 00:01:20]}
{[%emt 00:00:04]} 26. b4 {[%clk 00:00:24]} {[%emt 00:00:03]} Kc6 {[%clk
00:01:18]} {[%emt 00:00:04]} 27. Kf1 {[%clk 00:00:25]} Kb5 {[%emt 00:00:03]} 28.
Be1 {[%clk 00:00:25]} {[%emt 00:00:01]} Rxf2+ {[%clk 00:01:17]} {[%emt
00:00:03]} 29. Kxf2 {[%clk 00:00:27]} Nxb4 {[%clk 00:01:17]} {[%emt 00:00:01]}
30. Bc3 {[%clk 00:00:12]} {[%emt 00:00:17]} Nd5 {[%clk 00:01:16]} {[%emt
00:00:02]} 31. Bb2 {[%clk 00:00:14]} {[%emt 00:00:01]} Kc4 {[%clk 00:01:17]} 32.
Ke2 {[%clk 00:00:13]} {[%emt 00:00:03]} Kb3 {[%clk 00:01:18]} {[%emt 00:00:01]}
33. Bc1 {[%clk 00:00:10]} {[%emt 00:00:05]} a5 {[%clk 00:01:20]} 34. Kd3 {[%clk
00:00:11]} {[%emt 00:00:02]} a4 {[%clk 00:01:19]} {[%emt 00:00:02]} 35. h3
{[%clk 00:00:10]} {[%emt 00:00:03]} Nb4 {[%clk 00:01:12]} {[%emt 00:00:09]} 36.
Ke3 {[%clk 00:00:10]} {[%emt 00:00:01]} a3 {[%clk 00:01:11]} 37. Bxa3 {[%clk
00:00:12]} Kxa3 {[%clk 00:01:12]} {[%emt 00:00:02]} 38. g4 {[%clk 00:00:13]}
Nd5 {[%clk 00:01:12]} {[%emt 00:00:02]} 39. Kf3 {[%clk 00:00:14]} {[%emt
00:00:01]} Kb4 {[%clk 00:01:13]} {[%emt 00:00:01]} 40. h4 {[%clk 00:00:12]}
{[%emt 00:00:04]} fxg4+ {[%clk 00:01:12]} {[%emt 00:00:02]} 41. Kxg4 a5 42. f5
{[%clk 00:00:11]} {[%emt 00:00:04]} gxf5 {[%clk 00:01:15]} 43. Kxf5 {[%clk
00:00:12]} {[%emt 00:00:02]} a4 {[%clk 00:01:17]} 44. Ke5 {[%clk 00:00:13]}
{[%emt 00:00:01]} Nc7 {[%clk 00:01:18]} 45. d5 {[%clk 00:00:14]} {[%emt
00:00:01]} Nxd5 {[%clk 00:01:18]} {[%emt 00:00:02]} 46. Kxd5 {[%emt 00:00:02]}
a3 47. h5 {[%clk 00:00:16]} a2 {[%clk 00:01:22]} 48. Ke6 {[%clk 00:00:16]}
{[%emt 00:00:02]} a1=Q {[%clk 00:01:22]} {[%emt 00:00:01]} 49. Kf7 {[%clk
00:00:16]} {[%emt 00:00:03]} Qe5 {[%clk 00:01:17]} {[%emt 00:00:05]} 50. h6
{[%clk 00:00:16]} {[%emt 00:00:02]} Qg5 {[%clk 00:01:17]} 51. Kf8 {[%clk
00:00:14]} {[%emt 00:00:06]} Qxh6+ {[%clk 00:01:18]} 52. Kg8 {[%clk 00:00:15]}
{[%emt 00:00:01]} Qg6+ {[%clk 00:01:19]} 53. Kh8 {[%clk 00:00:16]} {[%emt
00:00:01]} Qe4 {[%clk 00:01:18]} {[%emt 00:00:02]} 54. Kg7 {[%clk 00:00:17]}
{[%emt 00:00:02]} h5 {[%clk 00:01:16]} {[%emt 00:00:04]} 55. Kh6 {[%clk
00:00:18]} {[%emt 00:00:02]} h4 {[%clk 00:01:16]} 56. Kg5 {[%clk 00:00:18]}
{[%emt 00:00:01]} h3 {[%clk 00:01:17]} {[%emt 00:00:01]} 0-1

[Event "Turniej Blitza na II Lidze Juniorów 2018"]
[Site "Szczyrk, Poland"]
[Date "2018.07.26"]
[Round "1.47"]
[White "Nowak, Filip"]
[Black "Owoc, Jakub"]
[Result "0-1"]
[TimeControl "3'+2\""]
[WhiteElo "1145"]
[BlackElo "1556"]

1. e4 {[%clk 00:03:02]} {[%emt 00:00:01]} c6 {[%clk 00:03:03]} {[%emt
00:00:01]} 2. d4 {[%clk 00:03:02]} {[%emt 00:00:02]} d5 {[%clk 00:03:05]}
{[%emt 00:00:01]} 3. Nc3 {[%clk 00:03:02]} {[%emt 00:00:01]} dxe4 {[%clk
00:03:05]} {[%emt 00:00:02]} 4. Nxe4 {[%clk 00:03:03]} Bf5 {[%clk 00:03:06]}
{[%emt 00:00:01]} 5. Ng3 {[%clk 00:03:04]} {[%emt 00:00:02]} Bg6 {[%clk
00:03:07]} 6. h4 {[%clk 00:03:05]} {[%emt 00:00:01]} h6 {[%clk 00:03:08]}
{[%emt 00:00:01]} 7. Nf3 {[%clk 00:03:06]} e6 {[%clk 00:03:05]} {[%emt
00:00:05]} 8. Ne5 {[%clk 00:03:05]} {[%emt 00:00:02]} Bh7 {[%clk 00:02:55]}
{[%emt 00:00:12]} 9. Bd3 {[%clk 00:03:06]} {[%emt 00:00:02]} Bxd3 {[%clk
00:02:55]} {[%emt 00:00:02]} 10. Qxd3 {[%clk 00:03:05]} {[%emt 00:00:02]} Nd7
{[%clk 00:02:54]} {[%emt 00:00:03]} 11. f4 {[%clk 00:03:06]} {[%emt 00:00:01]}
Nxe5 {[%clk 00:02:54]} {[%emt 00:00:02]} 12. fxe5 {[%clk 00:03:07]} {[%emt
00:00:01]} Be7 {[%clk 00:02:53]} {[%emt 00:00:03]} 13. Bd2 {[%clk 00:03:07]}
{[%emt 00:00:03]} Bxh4 {[%clk 00:02:50]} {[%emt 00:00:04]} 14. O-O-O {[%clk
00:03:01]} {[%emt 00:00:08]} Bxg3 {[%clk 00:02:46]} {[%emt 00:00:06]} 15. Qxg3
{[%clk 00:03:01]} {[%emt 00:00:02]} g5 {[%clk 00:02:43]} {[%emt 00:00:05]} 16.
Rhf1 {[%clk 00:02:57]} {[%emt 00:00:06]} Qe7 {[%clk 00:02:37]} {[%emt
00:00:07]} 17. a3 {[%clk 00:02:52]} {[%emt 00:00:08]} O-O-O {[%clk 00:02:35]}
{[%emt 00:00:04]} 18. Bb4 {[%clk 00:02:53]} {[%emt 00:00:01]} Qd7 {[%clk
00:02:34]} {[%emt 00:00:03]} 19. Bd6 {[%clk 00:02:50]} {[%emt 00:00:05]} Rh7
{[%clk 00:02:18]} {[%emt 00:00:17]} 20. Rf3 {[%clk 00:02:47]} {[%emt 00:00:04]}
Ne7 {[%clk 00:02:19]} {[%emt 00:00:04]} 21. Rdf1 {[%clk 00:02:36]} {[%emt
00:00:12]} Nf5 {[%clk 00:02:19]} {[%emt 00:00:02]} 22. Qf2 {[%clk 00:02:36]}
{[%emt 00:00:02]} Nxd6 {[%clk 00:02:19]} {[%emt 00:00:02]} 23. exd6 {[%clk
00:02:37]} {[%emt 00:00:01]} Qxd6 {[%clk 00:02:20]} {[%emt 00:00:01]} 24. Rxf7
{[%clk 00:02:37]} {[%emt 00:00:02]} Rxf7 {[%clk 00:02:20]} {[%emt 00:00:02]} 25.
Qxf7 {[%clk 00:02:37]} Rd7 {[%clk 00:02:17]} {[%emt 00:00:06]} 26. Qf8+ {[%clk
00:02:26]} {[%emt 00:00:13]} Kc7 {[%clk 00:02:18]} 27. Qxd6+ {[%clk 00:02:23]}
{[%emt 00:00:04]} Kxd6 {[%clk 00:02:18]} {[%emt 00:00:03]} 28. Rf6 {[%clk
00:02:19]} {[%emt 00:00:05]} Rh7 {[%clk 00:02:18]} {[%emt 00:00:03]} 29. c4
{[%clk 00:02:11]} {[%emt 00:00:10]} Ke7 {[%clk 00:02:10]} {[%emt 00:00:10]} 30.
Rf3 {[%clk 00:02:07]} {[%emt 00:00:04]} Rf7 {[%clk 00:02:08]} {[%emt 00:00:06]}
31. Rh3 {[%clk 00:01:56]} {[%emt 00:00:13]} Rf6 {[%clk 00:01:43]} {[%emt
00:00:27]} 32. Kc2 {[%clk 00:01:49]} {[%emt 00:00:09]} Kd6 {[%clk 00:01:44]}
{[%emt 00:00:01]} 33. Kc3 {[%clk 00:01:46]} {[%emt 00:00:05]} a5 {[%clk
00:01:40]} {[%emt 00:00:06]} 34. b4 {[%clk 00:01:46]} {[%emt 00:00:03]} axb4+
{[%clk 00:01:40]} {[%emt 00:00:01]} 35. axb4 {[%clk 00:01:47]} {[%emt
00:00:01]} b5 {[%clk 00:01:41]} {[%emt 00:00:01]} 36. c5+ {[%clk 00:01:46]}
{[%emt 00:00:03]} Kd5 {[%clk 00:01:42]} {[%emt 00:00:01]} 37. Kd3 {[%clk
00:01:47]} e5 {[%clk 00:01:43]} {[%emt 00:00:02]} 38. dxe5 {[%clk 00:01:32]}
{[%emt 00:00:17]} Kxe5 {[%clk 00:01:44]} {[%emt 00:00:01]} 39. Ke3 {[%clk
00:01:23]} {[%emt 00:00:11]} Kd5 {[%clk 00:01:43]} {[%emt 00:00:03]} 40. Kd3
{[%clk 00:01:24]} {[%emt 00:00:02]} Ke6 {[%clk 00:01:19]} {[%emt 00:00:25]} 41.
Ke3 {[%clk 00:01:08]} {[%emt 00:00:18]} Kf7 {[%clk 00:01:16]} {[%emt 00:00:05]}
42. Rh1 {[%clk 00:01:04]} {[%emt 00:00:07]} Re6+ {[%clk 00:01:11]} {[%emt
00:00:07]} 43. Kd3 {[%clk 00:01:02]} {[%emt 00:00:03]} Kg6 {[%clk 00:01:10]}
{[%emt 00:00:03]} 44. g4 {[%clk 00:01:00]} {[%emt 00:00:04]} Rf6 {[%clk
00:01:07]} {[%emt 00:00:06]} 45. Re1 {[%clk 00:00:59]} {[%emt 00:00:02]} Rf3+
{[%clk 00:01:02]} {[%emt 00:00:07]} 46. Kc2 {[%clk 00:00:55]} {[%emt 00:00:05]}
Rf6 {[%clk 00:01:00]} {[%emt 00:00:05]} 47. Kd3 {[%clk 00:00:55]} {[%emt
00:00:02]} h5 {[%clk 00:01:00]} {[%emt 00:00:02]} 48. gxh5+ {[%clk 00:00:47]}
{[%emt 00:00:11]} Kxh5 {[%clk 00:01:01]} 49. Re8 {[%clk 00:00:47]} {[%emt
00:00:02]} Rf4 {[%clk 00:00:39]} {[%emt 00:00:24]} 50. Re6 {[%clk 00:00:47]}
{[%emt 00:00:02]} Rxb4 {[%clk 00:00:39]} {[%emt 00:00:02]} 51. Rxc6 {[%clk
00:00:47]} {[%emt 00:00:01]} Rc4 {[%clk 00:00:40]} {[%emt 00:00:01]} 52. Rc8
{[%clk 00:00:45]} {[%emt 00:00:05]} g4 {[%clk 00:00:36]} {[%emt 00:00:05]} 53.
Ke3 {[%clk 00:00:46]} {[%emt 00:00:01]} b4 {[%clk 00:00:28]} {[%emt 00:00:11]}
54. Rb8 {[%clk 00:00:45]} {[%emt 00:00:01]} Rc3+ {[%clk 00:00:22]} {[%emt
00:00:10]} 55. Kf2 {[%clk 00:00:46]} b3 {[%clk 00:00:23]} 56. c6 {[%clk
00:00:45]} {[%emt 00:00:04]} Rc2+ {[%clk 00:00:20]} {[%emt 00:00:04]} 57. Kg3
{[%clk 00:00:44]} {[%emt 00:00:03]} b2 {[%clk 00:00:13]} {[%emt 00:00:09]} 58.
c7 {[%clk 00:00:44]} {[%emt 00:00:01]} Rc3+ {[%clk 00:00:14]} 59. Kg2 {[%clk
00:00:44]} {[%emt 00:00:02]} Rxc7 {[%clk 00:00:15]} {[%emt 00:00:02]} 60. Rxb2
{[%clk 00:00:45]} {[%emt 00:00:01]} Kh4 {[%clk 00:00:15]} {[%emt 00:00:02]} 61.
Rb4 {[%clk 00:00:44]} {[%emt 00:00:03]} Rc2+ {[%clk 00:00:16]} 62. Kg1 {[%clk
00:00:45]} {[%emt 00:00:01]} Kh3 {[%clk 00:00:16]} {[%emt 00:00:03]} 63. Rb3+
{[%clk 00:00:42]} {[%emt 00:00:02]} g3 {[%clk 00:00:16]} {[%emt 00:00:04]} 64.
Kf1 {[%clk 00:00:37]} {[%emt 00:00:07]} Kh2 {[%clk 00:00:14]} {[%emt 00:00:03]}
0-1

[Event "Turniej Blitza na II Lidze Juniorów 2018"]
[Site "Szczyrk, Poland"]
[Date "2018.07.26"]
[Round "1.2"]
[White "Jaroch, Karol"]
[Black "Jaszczuk, Mateusz"]
[Result "1-0"]
[TimeControl "3'+2\""]
[WhiteElo "2257"]
[BlackElo "1351"]

1. c4 {[%clk 00:03:03]} c5 {[%clk 00:03:03]} {[%emt 00:00:01]} 2. g3 {[%clk
00:03:04]} {[%emt 00:00:02]} Nc6 {[%clk 00:03:04]} 3. Bg2 {[%clk 00:03:05]}
{[%emt 00:00:01]} g6 {[%clk 00:03:05]} 4. Nf3 {[%clk 00:03:06]} Bg7 {[%clk
00:03:06]} 5. O-O {[%clk 00:03:06]} {[%emt 00:00:02]} Nf6 {[%clk 00:03:07]} 6.
e3 {[%clk 00:03:07]} {[%emt 00:00:02]} d6 {[%clk 00:03:08]} {[%emt 00:00:01]} 7.
d4 {[%clk 00:03:07]} {[%emt 00:00:02]} cxd4 {[%clk 00:03:09]} {[%emt 00:00:01]}
8. exd4 {[%clk 00:03:08]} {[%emt 00:00:02]} Bf5 {[%clk 00:03:10]} 9. Nc3 {[%clk
00:03:08]} {[%emt 00:00:02]} O-O {[%clk 00:03:10]} {[%emt 00:00:01]} 10. b3
{[%clk 00:03:08]} {[%emt 00:00:02]} Rc8 {[%clk 00:03:06]} {[%emt 00:00:05]} 11.
Bb2 {[%clk 00:03:09]} {[%emt 00:00:02]} d5 {[%clk 00:02:57]} {[%emt 00:00:11]}
12. c5 {[%clk 00:03:07]} {[%emt 00:00:04]} Re8 {[%clk 00:02:57]} {[%emt
00:00:02]} 13. Re1 {[%clk 00:03:07]} {[%emt 00:00:03]} Nb4 {[%clk 00:02:48]}
{[%emt 00:00:11]} 14. Nh4 {[%clk 00:02:55]} {[%emt 00:00:14]} Nc2 {[%clk
00:02:31]} {[%emt 00:00:18]} 15. Nxf5 {[%clk 00:02:55]} {[%emt 00:00:02]} Nxe1
{[%clk 00:02:31]} {[%emt 00:00:02]} 16. Nxg7 {[%clk 00:02:55]} {[%emt
00:00:02]} Nxg2 {[%clk 00:02:30]} {[%emt 00:00:03]} 17. Nxe8 {[%clk 00:02:54]}
{[%emt 00:00:02]} Qxe8 {[%clk 00:02:28]} {[%emt 00:00:05]} 18. Kxg2 {[%clk
00:02:54]} {[%emt 00:00:02]} b6 {[%clk 00:02:14]} {[%emt 00:00:16]} 19. b4
{[%clk 00:02:54]} {[%emt 00:00:02]} e5 {[%clk 00:02:09]} {[%emt 00:00:07]} 20.
Qe2 {[%clk 00:02:47]} {[%emt 00:00:09]} e4 {[%clk 00:02:09]} {[%emt 00:00:02]}
21. h3 {[%clk 00:02:43]} {[%emt 00:00:06]} bxc5 {[%clk 00:01:58]} {[%emt
00:00:13]} 22. bxc5 {[%clk 00:02:43]} {[%emt 00:00:02]} Rb8 {[%clk 00:01:58]}
{[%emt 00:00:01]} 23. Rb1 {[%clk 00:02:44]} {[%emt 00:00:02]} Qc6 {[%clk
00:01:52]} {[%emt 00:00:08]} 24. Ba1 {[%clk 00:02:41]} {[%emt 00:00:04]} Rxb1
{[%clk 00:01:46]} {[%emt 00:00:08]} 25. Nxb1 {[%clk 00:02:41]} {[%emt
00:00:03]} Nh5 {[%clk 00:01:38]} {[%emt 00:00:11]} 26. Nc3 {[%clk 00:02:38]}
{[%emt 00:00:04]} f5 {[%clk 00:01:37]} {[%emt 00:00:02]} 27. Qb5 {[%clk
00:02:38]} {[%emt 00:00:03]} Qf6 {[%clk 00:01:21]} {[%emt 00:00:17]} 28. Nxd5
{[%clk 00:02:36]} {[%emt 00:00:04]} Qe6 {[%clk 00:01:15]} {[%emt 00:00:08]} 29.
Qb8+ {[%clk 00:02:35]} {[%emt 00:00:03]} Kg7 {[%clk 00:01:15]} {[%emt
00:00:02]} 30. Qc7+ {[%clk 00:02:33]} {[%emt 00:00:05]} Kh6 {[%clk 00:01:14]}
{[%emt 00:00:02]} 31. Qe5 {[%clk 00:02:27]} {[%emt 00:00:09]} Qc6 {[%clk
00:01:11]} {[%emt 00:00:05]} 32. Bc3 {[%clk 00:02:25]} {[%emt 00:00:03]} Qa4
{[%clk 00:01:07]} {[%emt 00:00:06]} 33. Bd2+ {[%clk 00:02:25]} {[%emt
00:00:02]} g5 {[%clk 00:01:06]} {[%emt 00:00:04]} 34. Qxf5 {[%clk 00:02:12]}
{[%emt 00:00:15]} Qxd4 {[%clk 00:00:53]} {[%emt 00:00:15]} 35. Qxg5# {[%clk
00:02:11]} {[%emt 00:00:03]} 1-0

[Event "Turniej Blitza na II Lidze Juniorów 2018"]
[Site "Szczyrk, Poland"]
[Date "2018.07.26"]
[Round "1.28"]
[White "Pyzio, Amelia"]
[Black "Skrzypinski, Jan"]
[Result "0-1"]
[TimeControl "3'+2\""]
[WhiteElo "1747"]
[BlackElo "1231"]

1. e4 {[%clk 00:03:03]} {[%emt 00:06:26]} e5 {[%clk 00:03:03]} {[%emt
00:00:01]} 2. Nf3 {[%clk 00:03:05]} {[%emt 00:00:01]} f5 {[%clk 00:03:05]} 3.
Nc3 {[%clk 00:03:04]} {[%emt 00:00:02]} Qf6 {[%clk 00:03:01]} {[%emt 00:00:06]}
4. d3 {[%clk 00:02:59]} {[%emt 00:00:08]} h6 {[%clk 00:03:02]} {[%emt
00:00:01]} 5. Nd5 {[%clk 00:02:57]} {[%emt 00:00:03]} Qd6 {[%clk 00:03:00]}
{[%emt 00:00:03]} 6. c3 {[%clk 00:02:52]} {[%emt 00:00:08]} fxe4 {[%clk
00:02:55]} {[%emt 00:00:08]} 7. dxe4 {[%clk 00:02:53]} c6 {[%clk 00:02:55]}
{[%emt 00:00:02]} 8. Ne3 {[%clk 00:02:47]} {[%emt 00:00:08]} Qxd1+ {[%clk
00:02:55]} {[%emt 00:00:02]} 9. Kxd1 {[%clk 00:02:44]} {[%emt 00:00:05]} d6
{[%clk 00:02:53]} {[%emt 00:00:03]} 10. Bc4 {[%clk 00:02:43]} {[%emt 00:00:03]}
Nf6 {[%clk 00:02:52]} {[%emt 00:00:03]} 11. Nd2 {[%clk 00:02:38]} {[%emt
00:00:08]} b5 {[%clk 00:02:48]} {[%emt 00:00:06]} 12. Bb3 {[%clk 00:02:38]}
{[%emt 00:00:02]} a5 {[%clk 00:02:49]} {[%emt 00:00:01]} 13. a4 {[%clk
00:02:38]} {[%emt 00:00:01]} Be7 {[%clk 00:02:44]} {[%emt 00:00:07]} 14. Ke2
{[%clk 00:02:36]} {[%emt 00:00:05]} Nbd7 {[%clk 00:02:42]} {[%emt 00:00:03]} 15.
f3 {[%clk 00:02:37]} {[%emt 00:00:02]} Nc5 {[%clk 00:02:43]} 16. Bc2 {[%clk
00:02:36]} {[%emt 00:00:03]} d5 {[%clk 00:02:34]} {[%emt 00:00:11]} 17. exd5
{[%clk 00:02:32]} {[%emt 00:00:06]} cxd5 {[%clk 00:02:34]} {[%emt 00:00:01]} 18.
axb5 {[%clk 00:02:23]} {[%emt 00:00:11]} Bd7 {[%clk 00:02:20]} {[%emt
00:00:16]} 19. Nb3 {[%clk 00:02:18]} {[%emt 00:00:07]} Bxb5+ {[%clk 00:02:16]}
{[%emt 00:00:06]} 20. Kf2 {[%clk 00:02:08]} {[%emt 00:00:12]} a4 {[%clk
00:01:34]} {[%emt 00:00:43]} 21. Nf5 {[%clk 00:01:56]} {[%emt 00:00:14]} Kf7
{[%clk 00:01:19]} {[%emt 00:00:12]} 22. Nd2 {[%clk 00:01:28]} {[%emt 00:00:36]}
g6 {[%clk 00:01:15]} {[%emt 00:00:07]} 23. Nh4 {[%clk 00:01:12]} {[%emt
00:00:18]} Nfe4+ {[%clk 00:00:53]} {[%emt 00:00:22]} 24. fxe4 {[%clk 00:01:09]}
{[%emt 00:00:06]} Bxh4+ {[%clk 00:00:50]} {[%emt 00:00:05]} 25. g3 {[%clk
00:01:10]} Bg5 {[%clk 00:00:48]} {[%emt 00:00:05]} 26. exd5 {[%clk 00:01:08]}
{[%emt 00:00:04]} Bxd2 {[%clk 00:00:47]} {[%emt 00:00:03]} 27. Bxd2 {[%clk
00:01:08]} {[%emt 00:00:02]} Bd3 {[%clk 00:00:42]} {[%emt 00:00:05]} 28. Bd1
{[%clk 00:01:00]} {[%emt 00:00:11]} Be4 {[%clk 00:00:24]} {[%emt 00:00:18]} 29.
c4 {[%clk 00:00:48]} {[%emt 00:00:17]} Bxh1 {[%clk 00:00:22]} {[%emt 00:00:04]}
30. Be3 {[%clk 00:00:47]} {[%emt 00:00:02]} Nd3+ {[%clk 00:00:20]} {[%emt
00:00:04]} 31. Ke2 {[%clk 00:00:48]} {[%emt 00:00:02]} Nxb2 {[%clk 00:00:18]}
{[%emt 00:00:04]} 32. Bc2 {[%clk 00:00:47]} {[%emt 00:00:02]} Nxc4 {[%clk
00:00:18]} {[%emt 00:00:03]} 33. Bc5 {[%clk 00:00:45]} {[%emt 00:00:03]} Bxd5
{[%clk 00:00:13]} {[%emt 00:00:06]} 34. Bd3 {[%clk 00:00:45]} {[%emt 00:00:04]}
Nb2 {[%clk 00:00:13]} {[%emt 00:00:01]} 35. Bc2 {[%clk 00:00:45]} {[%emt
00:00:02]} Bb3 {[%clk 00:00:12]} {[%emt 00:00:03]} 36. Kd2 {[%clk 00:00:33]}
{[%emt 00:00:13]} Rhc8 {[%clk 00:00:10]} {[%emt 00:00:04]} 37. Bb4 {[%clk
00:00:32]} {[%emt 00:00:04]} Rxc2+ {[%clk 00:00:11]} {[%emt 00:00:01]} 38. Ke3
{[%clk 00:00:32]} {[%emt 00:00:02]} Nc4+ {[%clk 00:00:11]} {[%emt 00:00:02]} 39.
Ke4 {[%clk 00:00:32]} {[%emt 00:00:02]} Re2+ {[%clk 00:00:10]} {[%emt
00:00:03]} 40. Kf3 {[%clk 00:00:33]} {[%emt 00:00:02]} Re3+ {[%clk 00:00:09]}
{[%emt 00:00:02]} 41. Kg2 {[%clk 00:00:33]} {[%emt 00:00:02]} Rd8 {[%clk
00:00:08]} {[%emt 00:00:02]} 42. h4 {[%clk 00:00:31]} {[%emt 00:00:05]} Rdd3
{[%clk 00:00:05]} {[%emt 00:00:04]} 43. Be1 {[%clk 00:00:30]} {[%emt 00:00:04]}
Re2+ {[%clk 00:00:06]} 44. Kh3 {[%clk 00:00:30]} {[%emt 00:00:02]} Ne3 {[%clk
00:00:06]} {[%emt 00:00:03]} 45. h5 {[%clk 00:00:19]} {[%emt 00:00:13]} Be6+
{[%clk 00:00:06]} {[%emt 00:00:01]} 46. Kh4 {[%clk 00:00:19]} {[%emt 00:00:02]}
Ng2# {[%emt 00:00:01]} 0-1